000 00224nam a22000857a 4500
008 160705b xxu||||| |||| 00| 0 eng d
100 _92103
_a Siddiqui, M.H
245 _aTeaching of Geography
260 _aNew Delhi
_b A.P.H.
_c2004
999 _c1798
_d1798